Co ukrywają nastolatkowie przed swoimi rodzicami? - Statystyki

Ogólne statystyki
  • Ten quiz został rozwiązany 104 razy
  • Średni wynik to 3 z 7
Statystyki odpowiedzi
Hint Odpowiedź % Poprawnych
2. Papierosy
92%
3. Alkohol
84%
1. Narkotyki
77%
7. Dziewczynę | Chłopaka
49%
6. Wagary
14%
4. Pamiętnik
12%
5. Złe stopnie
5%
Nie znaleziono quizów pasujących do podanych kryteriów
Rozkład punktacji
Procent ludzi z każdym wynikiem
Percentyl według liczby udzielonych odpowiedzi
Twoja historia wyników
Nie rozwiązałeś tego quizu